| 000 | 00986nam a2200193Ia 4500 | ||
|---|---|---|---|
| 999 |
_c37881 _d37881 |
||
| 001 | 3859 | ||
| 003 | GE_BSU | ||
| 005 | 20190813161053.0 | ||
| 008 | 181216s1961||||ge |||||||||||||| ||geo|| | ||
| 040 | _cGE_BSU | ||
| 041 | _ageo | ||
| 080 | _a1(479) ი–31 | ||
| 245 |
_aიბერიელი პეტრე. (ფსევდო–დიონისე არეოპაგელი) : _bშრომები / _cეფრემ მცირის თარგმანი; თარგმანი გამოსცა გამოკვლევა და ლექსიკონი დაურთო სამსონ ენუქიშვილმა |
||
| 264 |
_aთბილისი : _bთბილისი სახ უნ–ტის გამ-ბა, _c1961. |
||
| 300 |
_a303 გვ. _b24 სმ. |
||
| 653 | _aიბერიელი პეტრე | ||
| 653 | _aფსევდო–დიონისე არეოპაგელი | ||
| 942 |
_cBK _2udc |
||